000 00323nam a2200145Ia 4500
100 _aBuzan Tony/ Keene R
650 _aGeneral
942 _cRB
654 _aGeneral
245 _aBuzans Book of Genious
260 _bStanely Paul & Co Ltd
_aLondon
_c1994
082 _a153.93
_bPAN
546 _aENGLISH
999 _c18486
_d18486